[Event "Novokuznetsk Spring op"]
[Site "Novokuznetsk"]
[Date "2013.04.13"]
[Round "4"]
[White "Sukiasyan, Artem"]
[Black "Kitov, Viktor"]
[Result "1-0"]
[WhiteElo "1867"]
[BlackElo "1885"]
[PlyCount "97"]
[EventDate "2013.03.31"]
[EventType "swiss"]
[EventRounds "9"]
[EventCountry "RUS"]
[SourceTitle "EXT 2015"]
[Source "ChessBase"]
[SourceDate "2014.11.20"]
[SourceVersion "1"]
[SourceVersionDate "2014.11.20"]
[SourceQuality "1"]

1. d4 Nf6 2. c4 e6 3. a3 c5 4. d5 d6 5. Nc3 Be7 6. e4 0-0 7. f4 exd5 8. cxd5 a6 9. Nf3 Re8 10. Bd3 b5 11. 0-0 Ng4 12. h3 c4 13. Bc2 Qb6+ 14. Nd4 Bf6 15. Nce2 Bxd4+ 16. Nxd4 Nf6 17. Re1 Ra7 18. Be3 Rd7 19. Qf3 Rdd8 20. Nc6 Qc7 21. Nxd8 Qxd8 22. Rad1 Nbd7 23. g4 g6 24. Bd4 Qc7 25. e5 dxe5 26. fxe5 Qa5 27. Bc3 Qb6+ 28. Bd4 Qa5 29. e6 Bb7 30. exf7+ Kxf7 31. Rxe8 Kxe8 32. Bxf6 Qb6+ 33. Bd4 Qd6 34. Re1+ Kd8 35. Re6 Qxe6 36. dxe6 Bxf3 37. exd7 Kxd7 38. Kf2 Bd5 39. Ke3 Ke6 40. Kf4 Kf7 41. Kg5 Kg8 42. Kh6 Bg2 43. h4 Bf3 44. g5 Bg4 45. Be4 Be6 46. Bc3 Bf7 47. Bb7 Be8 48. Bd5+ Kf8 49. Bb4# 1-0

[Event "Novokuznetsk Spring op"]
[Site "Novokuznetsk"]
[Date "2013.03.31"]
[Round "1"]
[White "Polyanskiy, Vladimir"]
[Black "Sukiasyan, Artem"]
[Result "1-0"]
[WhiteElo "2139"]
[BlackElo "1867"]
[PlyCount "69"]
[EventDate "2013.03.31"]
[EventType "swiss"]
[EventRounds "9"]
[EventCountry "RUS"]
[SourceTitle "EXT 2015"]
[Source "ChessBase"]
[SourceDate "2014.11.20"]
[SourceVersion "1"]
[SourceVersionDate "2014.11.20"]
[SourceQuality "1"]

1. Nc3 Nf6 2. e4 e5 3. Nf3 Nc6 4. d4 Bb4 5. d5 Ne7 6. Nxe5 Nxe4 7. Qd4 Nxc3 8. bxc3 Ba5 9. Nc4 0-0 10. Nxa5 c5 11. Qxc5 b6 12. Qd6 Re8 13. Kd1 bxa5 14. Bd3 Bb7 15. c4 Nc8 16. Qf4 Nb6 17. Bb2 d6 18. Qg4 f6 19. Qh5 h6 20. Qg6 Qd7 21. Bxf6 Kf8 22. Bd4 Re7 23. Bf5 Qe8 24. Qh7 Qf7 25. Be6 Rxe6 26. dxe6 Bf3+ 27. gxf3 Qxf3+ 28. Ke1 Qxh1+ 29. Ke2 Qg2 30. Qf5+ Kg8 31. Qf7+ Kh8 32. e7 Qg5 33. e8Q+ Rxe8+ 34. Qxe8+ Kh7 35. Qe4+ 1-0

[Event "Novokuznetsk-ch"]
[Site "Novokuznetsk"]
[Date "2012.12.15"]
[Round "8"]
[White "Kolesnikov, Oleg"]
[Black "Sukiasyan, Artem"]
[Result "0-1"]
[WhiteElo "1991"]
[BlackElo "1822"]
[PlyCount "110"]
[EventDate "2012.11.18"]
[EventType "swiss"]
[EventRounds "9"]
[EventCountry "RUS"]
[SourceTitle "EXT 2014"]
[Source "ChessBase"]
[SourceDate "2013.11.20"]
[SourceVersion "1"]
[SourceVersionDate "2013.11.20"]
[SourceQuality "1"]

1. e4 c5 2. Nf3 Nc6 3. d4 cxd4 4. Nxd4 Nf6 5. Nc3 d6 6. Be2 e5 7. Nb3 Be7 8. Bg5 0-0 9. Bxf6 Bxf6 10. Nd5 Bg5 11. Qd3 Ne7 12. h4 Nxd5 13. hxg5 Nf4 14. Qg3 Ne6 15. g6 fxg6 16. Bc4 Kh8 17. Rxh7+ Kxh7 18. Qh3+ Kg8 19. Bxe6+ Bxe6 20. Qxe6+ Rf7 21. Qxg6 Qf6 22. Qg3 Qf4 23. Qxf4 Rxf4 24. f3 Rd8 25. Rd1 b6 26. Ke2 Rf7 27. Rd5 Rfd7 28. g3 Kf7 29. f4 Kf6 30. Kf3 g5 31. Nc1 gxf4 32. gxf4 exf4 33. Nd3 Rh7 34. Nxf4 Rh2 35. Ne2 Ke7 36. Nd4 Kd7 37. e5 Rf8+ 38. Kg3 Rh6 39. e6+ Ke8 40. Nf5 Rg6+ 41. Kf4 Rxe6 42. Kg5 Re5 43. Rxe5+ dxe5 44. c4 Kd7 45. b4 Ke6 46. Ng7+ Kf7 47. Nf5 Rg8+ 48. Kh4 Kf6 49. Ne3 e4 50. Kh3 Ke5 51. Nc2 Kf4 52. Kh2 Kf3 53. c5 Rd8 54. cxb6 axb6 55. Ne1+ Kf2 0-1